Statistics for Countries of Asia - One Minute Sprint

Click here to take the quiz!

General Stats

  • This quiz has been taken 120,203 times
  • The average score is 27 of 48

Answers on the Map

Answers color-coded by a green-red scale on the quiz's map according to % correct below.
Loading ...
 

Answer Stats

Country% Correct
China
97%
India
94%
Japan
88%
Mongolia
80%
Iran
79%
Iraq
77%
Indonesia
73%
Oman
70%
Yemen
70%
Turkey
70%
Nepal
69%
Pakistan
69%
Vietnam
69%
Thailand
68%
South Korea
68%
Saudi Arabia
68%
Laos
67%
North Korea
66%
Kazakhstan
62%
Malaysia
58%
Myanmar
58%
Cambodia
58%
United Arab Emirates
56%
Bhutan
56%
Sri Lanka
55%
Syria
55%
Israel
55%
Philippines
54%
Afghanistan
52%
Bangladesh
51%
Qatar
50%
Jordan
50%
Taiwan
49%
Kuwait
43%
Lebanon
40%
Singapore
40%
Georgia
40%
Armenia
39%
Uzbekistan
38%
Bahrain
37%
Brunei
34%
Azerbaijan
33%
Turkmenistan
33%
Tajikistan
31%
Cyprus
29%
Kyrgyzstan
28%
East Timor
25%
Maldives
24%

Score Distribution

Percentile by Number Answered

Percent of People with Each Score

Your Score History

You have not taken this quiz